| 000 | 00624cab a2200217 4500 | ||
|---|---|---|---|
| 001 | X2821 | ||
| 008 | 090401t1995 xxu||||| |||| 00| 0 eng d | ||
| 035 | _a(Sirsi) u26578 | ||
| 041 | _aeng | ||
| 245 | _aFarmers bullish in buoyant market | ||
| 260 | _c1995 | ||
| 350 | _a0 | ||
| 490 |
_aCSM (Chartered Surveyor Monthly) _v5(1) September 1995, 14(1) |
||
| 520 | _aSummarises findings of the RICS Farmland Price Index and Survey 2nd Q 1995. | ||
| 650 | _aARABLE LAND PRICES | ||
| 650 | _aFARMLAND PRICE INDEX | ||
| 650 | _aNITRATE VULNERABLE ZONES | ||
| 690 | _aRURAL PRACTICE | ||
| 942 | _n0 | ||
| 948 | _c04/03/1997 | ||
| 999 |
_c17874 _d17874 |
||